Башҡорт теле. Ябай һөйләм синтаксисы (Запись № 10332630)

Подробности
000 -МАРКЕР
контрольное поле 01544nam0a2200325 4500
001 - ИДЕНТИФИКАТОР ЗАПИСИ
контрольное поле RU\NLR\BIBL_A\010549954
005 - ИДЕНТИФИКАТОР ВЕРСИИ
контрольное поле 20161216140829.0
010 ## - МЕЖДУНАРОДНЫЙ СТАНДАРТНЫЙ НОМЕР КНИГИ (ISBN)
Номер (ISBN) 978-5-295-05763-2
Тираж 7350
021 ## - НОМЕР ГОСУДАРСТВЕННОЙ РЕГИСТРАЦИИ
Код страны Российская Федерация
Номер 2014-57717
Номер Листа государственной регистраци 3498
035 ## - ДРУГИЕ СИСТЕМНЫЕ НОМЕРА
Идентификатор записи (NLR Aleph) 010549954
100 ## - ДАННЫЕ ОБЩЕЙ ОБРАБОТКИ
Данные общей обработки 20141201d2014 d y0rusy50 ca
101 0# - ЯЗЫК РЕСУРСА
Язык текста, звукозаписи и т.д. башкирский
102 ## - СТРАНА ПУБЛИКАЦИИ ИЛИ ПРОИЗВОДСТВА
Страна публикации Российская Федерация
105 ## - ПОЛЕ КОДИРОВАННЫХ ДАННЫХ: ТЕКСТОВЫЕ МАТЕРИАЛЫ, МОНОГРАФИЧЕСКИЕ
Кодированные данные о монографическом текстовом документе a z 000yy
200 1# - ЗАГЛАВИЕ И СВЕДЕНИЯ ОБ ОТВЕТСТВЕННОСТИ
Основное заглавие Башҡорт теле. Ябай һөйләм синтаксисы
Сведения, относящиеся к заглавию 7 [кл.]
-- дөйөм белем биреү учреждениелары өсөн д-лек
Первые сведения об ответственности Ә. М. Аҙнабаев, С. А. Таһирова
205 ## - СВЕДЕНИЯ ОБ ИЗДАНИИ
Сведения об издании 6-сы баҫма
210 ## - ПУБЛИКАЦИЯ, РАСПРОСТРАНЕНИЕ И ДР.
Место издания, распространения и т.д. Өфө
Имя издателя, распространителя и т. д. Китап
Дата издания, распространения и т.д. 2014
215 ## - ФИЗИЧЕСКАЯ ХАРАКТЕРИСТИКА
Специфическое обозначение материала и объем 176 б., [4] л. цв. ил.
Размеры 22
300 ## - ОБЩИЕ ПРИМЕЧАНИЯ
Текст примечания На обл. авт. не указаны
541 1# - ПЕРЕВОД ЗАГЛАВИЯ, СДЕЛАННЫЙ КАТАЛОГИЗАТОРОМ
Связь между полями z01790
Заглавие Башкирский язык
Сведения, относящиеся к заглавию учеб. для 7 кл. общеобразоват. учреждений
Язык заглавия русский
606 1# - НАИМЕНОВАНИЕ ТЕМЫ КАК ПРЕДМЕТ
Наименование темы Башкирский язык
Формальный подзаголовок Учебники для средней школы
Код системы nlr_sh1
-- nlr_sh2
Идентификатор авторитетной/нормативной записи RU\NLR\AUTH\66121857
686 1# - ИНДЕКСЫ ДРУГИХ КЛАССИФИКАЦИЙ
Индекс Ш163.22-922.1[7]
700 #1 - ИМЯ ЛИЦА - ПЕРВИЧНАЯ ОТВЕТСТВЕННОСТЬ
Начальный элемент ввода Аҙнабаев
Часть имени, кроме начального элемента ввода Ә. М.
Даты 1934-
Расширение инициалов личного имени Әхмәр Мөхәмәтдин улы
Идентификатор авторитетной/нормативной записи RU\NLR\auth-onl\77790
Код отношения Автор
701 #1 - ИМЯ ЛИЦА - АЛЬТЕРНАТИВНАЯ ОТВЕТСТВЕННОСТЬ
Начальный элемент ввода Таһирова
Часть имени, кроме начального элемента ввода С. А.
Расширение инициалов личного имени Сәлимә Айбулат ҡыҙы
Код отношения Автор
790 #1 - ИМЯ ЛИЦА - АЛЬТЕРНАТИВНАЯ ФОРМА
Связь между полями z01541
Начальный элемент ввода Азнабаев
Часть имени, кроме начального элемента ввода А. М.
Даты 1934-
Расширение инициалов личного имени Ахмер Мухаметдинович
Идентификатор авторитетной/нормативной записи RU\NLR\auth-onl\77791
Код отношения Автор
852 ## - МЕСТОНАХОЖДЕНИЕ И ШИФР ХРАНЕНИЯ
Идентификатор организации NLR
Наименование фонда или коллекции (Sub-Location Identifier) ОНЛ
Шифр хранения (Call Number) Башк./3-5514
942 ## - ДОПОЛНИТЕЛЬНЫЕ ЭЛЕМЕНТЫ ЗАПИСИ (АБИС)
Тип экземпляра АБИС Книга
980 ## - КОЛЛЕКЦИЯ
Название коллекции Национальная библиография
Экземпляры
Тип экземпляра Дата поступления Источник поступления Библиотека постоянного хранения Библиотека текущего хранения Место хранения Шифр хранения Штрих-код Статус экземпляра
Книга 01.12.2014 Обязательный экземпляр РНБ (Московский) РНБ (Московский) Фонд национальных литератур ОНЛ Башк./3-5514 1-382583